000 00433nam a22001697a 4500
003 NUST - PNEC
005 20170116180923.0
008 150905b xxu||||| |||| 00| 0 eng d
020 _a-
040 _cLIBRARY
082 _a621.3 BEL
100 _97889
_aBell, J. F. W.
245 _aExamples in advanced electrical engineering
_cJ.F.W. Bell
260 _cc.1962
650 _97893
_aElectrical engineering
_xEE
942 _2ddc
_cBK
999 _c65688
_d65688